000 00398nam a2200133Ia 4500
008 220217s9999||||xx |||||||||||||| ||und||
020 _a81-7808-117-2
082 _a004.62 HUS
100 _aHusted, Robert Kuslich, JJ
_91346
245 0 _aServer- side javascript: Developing integrated web applicati
260 _aAddison Wesley
_bHarlow
_c1999
300 _b350
650 _aCOMPUTER NETWORK
999 _c166245
_d166245